000 00631nam a2200181 i 4500
001 80055
003 ES-MaACL
005 20231221192826.0
007 t|
008 041026s1912 sp ||||1| spa d
100 1 _aHinsdale, Burke A.
_963781
245 1 3 _aEl estudio y la enseñanza de la Historia
_b: con referencia particular a la historia de los Estados Unidos /
_cpor B. A. Hinsdale ; traducción de Domingo Barnes.
260 _aMadrid :
_b[Antonio G. Izquierdo,
_c1912]
300 _a470 p. ;
_c19 cm.
700 1 _aBarnés, Domingo,
_d1879-1940
_925714
852 _aES-MaACL
_jF-8159
999 _c80055
_d80055